Segregación de ambientes en el Establecimiento Cerosol (Cnel. Dorrego) /
Guardado en:
| Autor Principal: | |
|---|---|
| Autor Corporativo: | |
| Otros Autores: | |
| Formato: | Libro |
| Idioma: | Spanish |
| Publicado: |
Bahía Blanca,
2021.
|
| Materias: | |
| Acceso en línea: | Acceso a texto completo |
| Etiquetas: |
Agregar Etiqueta
Sin Etiquetas, Sea el primero en etiquetar este registro!
|
| LEADER | 01290nam a22003015a 4500 | ||
|---|---|---|---|
| 001 | EEA.libagro011318 | ||
| 008 | 210708s2021####ag#a##########000#0#spa#d | ||
| 005 | 20210908105434.0 | ||
| 245 | 1 | 0 | |a Segregación de ambientes en el Establecimiento Cerosol (Cnel. Dorrego) / |c Jennifer Contreras Galarraga. |
| 260 | |a Bahía Blanca, |c 2021. | ||
| 300 | |a 42 h. : |b il., fot. col. ; |c 30 cm. | ||
| 500 | |a Trabajo de intensificación (Ingeniero Agrónomo) -- Universidad Nacional del Sur. Departamento de Agronomía, 2021. | ||
| 530 | |a Disponible también en línea. | ||
| 100 | 1 | |a Contreras Galarraga, Jennifer. | |
| 700 | 1 | |a Bravo, Oscar Abel, |e tutor. | |
| 710 | 2 | |a Universidad Nacional del Sur. |b Departamento de Agronomía. | |
| 082 | 0 | 4 | |a 631.478212 |2 20 |
| 650 | 7 | |a Suelos |2 agrovoc | |
| 650 | 7 | |a Mapas edafológicos |2 agrovoc | |
| 650 | 7 | |a Geomorfología |2 agrovoc | |
| 653 | |a Unidades cartográficas | ||
| 650 | 7 | |a Aspectos ambientales |x Mapas |2 unbist | |
| 650 | 7 | |a Uso sostenible de la tierra |2 agrovoc | |
| 650 | 7 | |a Pastizales |2 agrovoc | |
| 650 | 7 | |a Pastizal natural |2 agrovoc | |
| 653 | |a Coronel Dorrego (Argentina : Partido) | ||
| 856 | 4 | 1 | |3 Acceso a texto completo |u https://repositoriodigital.uns.edu.ar/handle/123456789/5686 |
| 859 | |a AR-BbBCA |b BIB. AGRONOMIA |h 631.478212 |i C764-1 |p 2021/7162 | ||
